000 00797nam a2200253 i 4500
001 000047577
003 DO-SdBNP
005 20251111083253.0
007 ta
008 180703s2017 000 spa d
020 _a9789945168310
040 _aDO-SdBNP
_bspa
_cBNPHU
_erda
041 _aspa
082 4 _axxx
_bV422a
_222
100 1 _aVega, Bernardo,
_d1938 -
_93222
245 1 0 _aAddendum :
_bel gobierno de Kennedy y el de Bosch un análisis más profundo /
_cBernardo Vega.
264 _aSanto Domingo, República Dominicana :
_bFundación Cultural Dominicana,
_c2017.
300 _a91 páginas ;
_c27 cm.
336 _atexto
_btxt
_2rdacontent
337 _asin mediación
_bn
_2rdamedia
338 _avolumen
_bnc
_2rdacarrier
590 _aInventariado,2018/DG
942 _2ddc
_cLBS1
999 _c47065
_d47065